000
00258nam a2200097Ia 4500
082
_a
R 910. 3 MAYH
245
0
_a
A dictionary of geography
100
_a
MAYHEW, Susan Oxford, 2004 3rd ed
942
_c
BK
008
210817s9999 xx 000 0 und d
999
_c
322018
_d
322017